000 01321nam a2200337 i 4500
001 bg
100 1 _aSłowik, Jacek.
245 1 0 _aWpływ złożonego stanu naprężenia w dnie karbu na trwałość zmęczeniową elementów maszyn /
_cJacek Słowik, Tadeusz Łagoda.
260 _aOpole :
_bOficyna Wydawnicza Politechniki Opolskiej,
_c2008.
300 _a148 s. :
_bil. (w tym kolor.) ;
_c24 cm.
490 1 _aWieloosiowe zmęczenie losowe elementów maszyn i konstrukcji ;
_vcz. 12
490 1 _aStudia i Monografie / Politechnika Opolska,
_x1429-6063 ;
_vz. 228
504 _aBibliogr. s. 125-131.
546 _aStreszcz. ang.
650 9 _aAlgorytmy
_xstosowanie
_xmechanika
650 9 _aMaszyny
_xteoria
650 9 _aMetoda elementów skończonych
_xstosowanie
_xmechanika
650 9 _aNaprężenia i odkształcenia
_xbadanie
650 9 _aWytrzymałość materiałów
_xbadanie
700 1 _aŁagoda, Tadeusz.
830 0 _aWieloosiowe zmęczenie losowe elementów maszyn i konstrukcji ;
_vcz. 12
830 0 _aStudia i Monografie - Politechnika Opolska,
_x1429-6063 ;
_vz. 228
015 _aPB 15710/2009
022 _a14296063
040 _cBPK
041 0 _apol
_beng
044 _aPOL
080 _a620.17:621.01:510.5:519.61/.64
942 _cKS
008 090824s2008 pl a |000 0 pol
999 _c56709
_d56709
856 _uhttp://koha.tu.koszalin.pl/cgi-bin/koha/opac-detail.pl?biblionumber=56709
_yKatalog online BPK